| 000 | 01692cam a22004694i 4500 | ||
|---|---|---|---|
| 003 | PE-LiUPU | ||
| 005 | 20250731184534.0 | ||
| 008 | 150623s r 000 0 d | ||
| 020 | _a9515702577 | ||
| 035 | _a(Sirsi) i9789515702579 | ||
| 040 |
_aPE-LiUPU _bspa _cPE-LiUPU _erda |
||
| 049 | _aPRUA | ||
| 082 | 0 | 4 |
_a935.03 _bG33 _221 |
| 110 | 2 | _aHelsinki University | |
| 245 | 1 | 0 | _aNineveh 612 BC. |
| 264 | 1 |
_aSt. Petersburg, Hermitage London : _bHelsinki University Press, _c1995. |
|
| 300 |
_a216 páginas : _bilustraciones fotos, gráficos ; _c23 centímetros |
||
| 336 |
_atext _2rdacontent |
||
| 337 |
_aunmediated _2rdamedia |
||
| 338 |
_avolume _2rdacarrier |
||
| 504 | _aIncluye bibliografía. | ||
| 505 | 0 | _aThe Inperial Archives of Niniveh. -Assyrian Art. -Format and Content in Neo-Assyrian Texts. -Cuneiform Calligraphy. -Political Letters. -Oracle Queries. -Treaties. -Documents. Letters from Scholars. -Astrological Reports. -Prophecies. -Religious Texts. | |
| 526 | _aP136 | ||
| 526 | _aP135 | ||
| 526 | _aP134 | ||
| 526 | _aP133 | ||
| 526 | _aP144 | ||
| 526 | _aP143 | ||
| 526 | _aP87 | ||
| 526 | _aP35 | ||
| 526 | _aP20 | ||
| 526 | _aP14 | ||
| 526 | _aP10 | ||
| 526 | _aP06 | ||
| 650 | 0 | 4 |
_aNínive (Ciudad extinta) _y612 a.C. |
| 942 |
_2ddc _cBOOK |
||
| 949 |
_a935.03 G33 _wDEWEY _c1 _i47991 _lCCODEBUL1 _mBUL _r0 _sY _tBOOK _u2015-6-24 _xTEOLOGIA _PP35 _0COMPRA _o.STAFF. Colección General |
||
| 994 |
_aC0 _bPEPRU |
||
| 596 | _a1 | ||
| 999 |
_a935.03 G33 _wDEWEY _c24467 _i47991 _f2021-11-11 _g5 _lCCODEBUL1 _mBUL _r0 _sY _tBOOK _u2015-6-24 _xTEOLOGIA _PP35 _0COMPRA _o.STAFF. Colección General _d24467 |
||
| 980 |
_81 _gALBERTO SANCHEZ Responsable de Automatización |
||